Представление документа в формате MARC21

Поле Инд. ПП Название Значение
Тип записи a
Библиографический уровень m
001 Контрольный номер RU/IS/BASE/309007605
005 Дата корректировки 20260526103106.3
020 a ISBN 978-5-388-00629-5
c Цена, тираж 258 р.
080 a Индекс УДК 658.562.018(075.8)
090 a Полочн. индекс 658
x Авторский знак С 40
097 b Оператор *Ч*
b Оператор *Ольга*
b Оператор *Ольга-С*
b Оператор *Ир*
b Оператор *Вин*
100 10 a Автор Кане М.М.
245 00 a Заглавие Системы, методы и инструменты менеджмента качества
b Продолж. заглавия учебник для студентов вузов
b Продолж. заглавия в составе учебно-методического комплекса
260 00 a Место издания Санкт-Петербург [и др.]
b Издательство Питер
c Дата издания 2009
300 a Объем 560 с.
440 _0 a Серия Учебник для вузов
a Серия УМК-У
516 8_ a Прим. о типе комп. файла/ данных Текст : непосредственный
520 0_ a Аннотация Рассмотрены опыт создания и развития систем менеджмента качества (СМК) в СССР, США, Японии, Германии, Франции, ЕС. Изложены требования к СМК на базе стандартов ИСО серии 9000, пути их соблюдения, концепция всеобщего управления качеством (TQM), методы ее реализации. Показана методология создания, внедрения и совершенствования СМК на базе МС ИСО 9000, оценки ее результативности. Описаны методы и инструменты управления качеством: структурирование функции качества (СФК), анализ видов и последствий потенциальных отказов (FMEA), девять простых и семь новых инструментов контроля качества, экспертные методы, метод Тагути. Рассмотрены современные системы СМК и методы повышения эффективности организаций на основе улучшения качества: система производительного обслуживания оборудования с участием всего персонала (ТРМ), система экономного производства (Lean Production), методология «шесть сигм», система «Упорядочение», или 5S, бенчмаркинг, реинжиниринг, реструктуризация предприятий, управление персоналом, знаниями, экономика качества. Для инженерно-технических работников машиностроения и других отраслей народного хозяйства, решающих проблемы качества, слушателей курсов повышения квалификации и факультетов последипломного образования в области качества продукции, студентов и учащихся высших и средних специальных учебных заведений машиностроительных и экономических специальностей.
583 a Действие Приписка : УМК
a Действие Перевод
653 0_ a Ключевые слова Бенчмаркинг
a Ключевые слова Контроль качества
a Ключевые слова Менеджмент качества
a Ключевые слова Управление качеством
a Ключевые слова Управление персоналом
a Ключевые слова Эффективность организаций
655 a Жанр/ форма (устаревшее) У
700 12 a Другие авторы Иванов Б.В.
700 1_ a Другие авторы Корешков В.Н.
700 1_ a Другие авторы Схиртладзе А.Г.
773 18 w Контрольный № источника 115929
w Контрольный № источника RU/IS/BASE/552141531
900 a Имя макрообъекта 001-000079681-000000000-0000-0000-00
901 t Тип документа m
905 a Дата создания записи 15.01.10
a Дата создания записи 04.12.18
c Дата приписки 25.04.23
c Дата приписки 04.05.23
d Дата перевода 26.05.26
952 b Гриф литературы для ВШ Гриф УМО
a Тип литературы для КСУ ВШ У1
952 e Факультет *ФУСК*
954 c 15.01.10
990 00 h N записи в КСУ для Б/У (DOS) 78/2009
h N записи в КСУ для Б/У (DOS) 1000/2015
j Количество экземпляров (DOS) 15
c Приоритет заказа (DOS) д
f Даты поступлений (DOS) 15.10.09
g Размещение заказа (DOS) Нью-Питер
a Автор заказа (DOS) ПСК
b Заказано (DOS) 15
n Номер УК (DOS) Уч. карт. № 8536 - 14